1908 1164 1557 1865 1617 1108 1117 1560 1033 1254 1096 1079 1452 1558 1527 1313 1718 1094 1657 1495 1891 1588 1919 1521 1342 1465 1292 1388 1132 1508 1554 1093 1299 1547 1147 1229 1645 1044 1967 1515 1342 1748 1524 1378 1080 1315 1708 1906 1598 1964 1494 1782 1011 1702 1393 1286 1196 1368 1168 1377 1633 1884 1102 1348 1242 1444 1505 1875 1051 1494 1793 1179 1813 1710 1293 1231 1780 1267 1906 1582 1928 1885 1250 1949 1336 1747 1222 1118 1473 1016 1916 1693 1364 1578 1575 1418 1184 1936 1062 BCNSPRNW ULIB Ver.6.0+V

เปลี่ยนเป็นภาษาไทย

Change to English
 แสดงรายละเอียดบรรณานุกรม
  กลับหน้าหลัก

Brief Record : Get Marc (ISO 2709) : E-mail record : QR code < ปิดหน้าต่าง
LEADER : 00000nam 2200000uu 4500
001    13399129216
003     ULIB
008    260511s2026||||th 000 0 tha d
020    ^a9781975239053
060  4 ^aWY160^bB789P
100 1  ^aBoyd, Mary ann
245 1  ^aPsychiatric nursing :^bcontemporary practice^c/ Mary Ann Boyd, Rebecca Luebbert.
246 3   ^acontemporary practice
250    ^a8th ed.
260    ^aPhiladelphia : ^bWolters Kluwer,^c2026.
300    ^axx, 908 p. :^bill.
505 0  ^aUnit I. Mental health care in contemporary society. 1, Psychiatric-mental health nursing and evidence-based practice. 2, Mental health and mental disorders: fighting stigma & promoting recovery. 3, Cultural and spiritual issues related to mental health care. 4, Patient rights and legal issues. 5, Mental health care in the community -- Unit II. Foundations of psychiatric nursing. 6, Ethics, standards, and nursing frameworks. 7, Psychosocial theoretic basis of psychiatric nursing. 8, Biologic foundations of psychiatric nursing. 9, Recovery framework for mental health nursing -- Unit III. Contemporary psychiatric nursing practice. 10, Communication and the therapeutic relationship. 11, The psychiatric-mental health nursing process. 12, Psychopharmacology, dietary supplements, and biologic interventions. 13, Cognitive interventions in psychiatric nursing. 14, Group interventions. 15, Family assessment and interventions -- Unit IV. Mental health across the life span. 16, Mental health promotion for children and adolescents. 17, Mental Health promotion for young and middle-aged adults. 18, Mental health promotion for older adults -- Unit V. Prevention of mental disorders. 19, Stress and mental health. 20, Management of anger, aggression, and violence. 21, Crisis, loss, grief, response, bereavement, and disaster management. 22, Suicide prevention: screening, assessment, and intervention. 23, Mental health care for survivors of violence -- Unit VI. Care and recovery for persons with mental disorders. 24, Schizophrenia and related disorders: nursing care of persons with thought disorders. 25, Depression: nursing care of persons with depressive moods and suicidal behavior. 26, Bipolar disorders: nursing care of persons with mood lability. 27, Anxiety disorders: nursing care of patients with anxiety, phobia, and panic. 28, Obsessive-compulsive and related disorders: nursing care of persons with obsessions and compulsions. 29, Trauma- and stressor-related disorders: nursing care of persons with posttraumatic stress and other trauma-related disorders. 30, Personality and impulse-control disorders: nursing care of persons with personality and impulse-control disorders. 31, Addiction and substance use-related disorders: nursing care of persons with alcohol and drug use disorders. 32, Eating disorders: nursing care of persons with eating and weight-related disorders. 33, Somatic symptom and dissociative disorders: nursing care of persons with somatization. 34, Sleep-wake disorders: nursing care of persons with insomnia and sleep problems. 35, Sexual disorders: nursing care of persons with sexual dysfunctions and paraphilias -- Unit VII. Care of children and adolescents. 36, Mental health assessment of children and adolescents. 37, Mental health disorders of childhood and adolescence -- Unit VIII. Care of older adults. 38, Mental health assessment of older adults. 39, Neurocognitive disorders -- Unit IX. Care of special populations. 40, Care for veterans with mental health needs. 41, Care of persons who are experiencing homelessness and mental illness. 42, Care of persons with co-occurring mental disorders. 43, Care of persons who are medically compromised.
650  0 ^aNursing.
650  0 ^aPsychiatric nursing.
650  2 ^aMental Disorders nursing
650  2 ^aMental disorders^xNursing
650  2 ^aNursing care^xMethods
650  2 ^aPsychiatric nursing^xMethods
650 0  ^aNursing^xPsychiatric
695    ^aHealth Sciences.
700 1  ^aLuebbert, Rebecca
856    ^auhttp://archive.lib.cmu.ac.th/newbook/health/nurse/2022/b1666
999    ^aประนอม เกษจรัล
รายการนี้ยังไม่มีแท็ก
คุณยังไม่ได้ล็อกอิน คุณสามารถมีกิจกรรมร่วมกับเว็บไซต์ได้ แต่ต้องล็อกอินก่อน ::
  ล็อกอิน

รายการสื่อสารสนเทศ

ลำดับที่ ประเภท เลขเรียก/บาร์โค้ด สถานที่ สถานะ
1. Book การพยาบาล
หนังสือสำรอง
สถานะ=หนังสือสำรอง
WY160 B789P ฉ.1 
  Barcode: 012202
ห้องสมุดวิทยาเขตสวรรค์ประชารักษ์
►หนังสือทั่วไป
บนชั้น
*เพิ่งรับคืน

รายการใกล้เคียง
    หัวเรื่อง [Nursing.]
    หัวเรื่อง [Psychiatric nursing.]

BibComment


ยังไม่เคยถูกคอมเมนท์

คอมเมนท์ทรัพยากรรายการนี้
  คอมเมนท์: Psychiatric nurs..


 Copyright 2026. Bcnsprnw @Library